000 00584nam a22002297a 4500
003 UA-OsUOA
001 100469
007 ta
008 20130528b un ||||| |||| 00| 0 ukr d
100 _aХейердал Т.
090 _a821.111(73)
_bХ35
942 _cBK
040 _aUA-OsUOA
_brus
_cUA-OsUOA
_dUA-OsUOA
245 _aПутешествие на "Кон-тики"
300 _a270 с.
955 _a3
041 _arus
080 _a821.111(73)
260 _c1958
650 7 _a82 Література. Літературознавство
_2UDC
999 _c387099
_d387099